[Event "Scottish Centenary Invitation"]
[Site "Troon"]
[Date "1984.07.12"]
[Round "1"]
[White "Cramling, Pia"]
[Black "Morrison, Graham"]
[Result "0-1"]
[WhiteElo "2405"]
[BlackElo "2335"]
[PlyCount "76"]
[EventDate "1984.07.12"]
[EventType "tourn"]
[EventRounds "9"]
[EventCountry "SCO"]
[EventCategory "7"]
[SourceTitle "BritBase"]
[Source "John Saunders"]
[SourceDate "2024.02.12"]
[SourceVersion "1"]
[SourceVersionDate "2024.02.12"]
[SourceQuality "1"]

1. e4 c5 2. Nf3 d6 3. d4 cxd4 4. Nxd4 Nf6 5. Nc3 e6 6. f4 a6 7. Qf3 Qb6 8. Nb3
Qc7 9. a4 b6 10. Bd3 Bb7 11. O-O Be7 12. Bd2 Nbd7 13. Qe2 O-O 14. Rae1 Nc5 15.
Nxc5 Qxc5+ 16. Be3 Qc7 17. Kh1 Rfc8 18. Bd4 e5 19. Bg1 exf4 20. Rxf4 Re8 21.
Bd4 d5 22. e5 Bc5 23. Qf2 Bxd4 24. Qxd4 Qc5 25. b4 Qxd4 26. Rxd4 Rac8 27. Nd1
Ne4 28. Bxe4 dxe4 29. Rf1 Rxe5 30. Rd7 Bc6 31. Ra7 e3 32. Re1 Bxa4 33. Rxa6
Bxc2 34. Rxe3 Rb5 35. Rc3 Rd8 36. Ne3 Rxb4 37. h3 Be4 38. Nc4 Rc8 0-1

[Event "Scottish Centenary Invitation"]
[Site "Troon"]
[Date "1984.07.12"]
[Round "1"]
[White "McNab, Colin Anderson"]
[Black "Plaskett, H James"]
[Result "1-0"]
[WhiteElo "2370"]
[BlackElo "2470"]
[PlyCount "111"]
[EventDate "1984.07.12"]
[EventType "tourn"]
[EventRounds "9"]
[EventCountry "SCO"]
[EventCategory "7"]
[SourceTitle "BritBase"]
[Source "John Saunders"]
[SourceDate "2024.02.12"]
[SourceVersion "1"]
[SourceVersionDate "2024.02.12"]
[SourceQuality "1"]

1. Nf3 Nf6 2. c4 e6 3. g3 a6 4. Nc3 d5 5. cxd5 exd5 6. d4 Bd6 7. Bg2 O-O 8. O-O
Re8 9. Bg5 c6 10. Re1 Nbd7 11. e4 dxe4 12. Nxe4 Be7 13. Qe2 Kf8 14. Qc2 Nxe4
15. Qxe4 Bxg5 16. Qxe8+ Qxe8 17. Rxe8+ Kxe8 18. Nxg5 Nf6 19. Rc1 Rb8 20. Rc5
Ke7 21. Re5+ Kf8 22. Ne4 Nxe4 23. Bxe4 h6 24. Bg2 f6 25. Re1 Bf5 26. d5 c5 27.
f4 Rd8 28. Re3 b6 29. Kf2 Rd6 30. Ke1 Bg6 31. Kd2 Bf7 32. Kc3 Rd7 33. Kc4 Re7
34. Rb3 Re2 35. Bf3 Rf2 36. Be4 Rd2 37. Rxb6 Rd4+ 38. Kxc5 Rxe4 39. Rxa6 Re2
40. Ra8+ Be8 41. b4 {(sealed)} Ke7 42. a4 Rc2+ 43. Kb6 Rd2 44. Ra7+ Kd6 45. b5
g5 46. fxg5 hxg5 47. Ra8 Bd7 48. Ka6 Kc5 49. b6 Ra2 50. Kb7 Rxh2 51. Ka7 Ra2
52. b7 Bxa4 53. Kb8 Kxd5 54. Ra5+ Kd6 55. Ka7 Rb2 56. Rxa4 1-0

[Event "Scottish Centenary Invitation"]
[Site "Troon"]
[Date "1984.07.12"]
[Round "1"]
[White "Raicevic, Vladimir"]
[Black "Psakhis, Lev"]
[Result "0-1"]
[WhiteElo "2395"]
[BlackElo "2565"]
[PlyCount "83"]
[EventDate "1984.07.12"]
[EventType "tourn"]
[EventRounds "9"]
[EventCountry "SCO"]
[EventCategory "7"]
[SourceTitle "BritBase"]
[Source "John Saunders"]
[SourceDate "2024.02.12"]
[SourceVersion "1"]
[SourceVersionDate "2024.02.12"]
[SourceQuality "1"]

1. d4 f5 2. Nc3 d5 3. Bf4 Nf6 4. e3 e6 5. Nb5 Na6 6. a4 Be7 7. c3 O-O 8. Bd3 c6
9. Na3 Nb8 10. Nf3 Ne4 11. O-O Nd7 12. Ne5 g5 13. Nxd7 Bxd7 14. Be5 Bf6 15. f4
Bxe5 16. fxe5 Qe7 17. Bxe4 fxe4 18. Qg4 Rf5 19. b4 Raf8 20. a5 Be8 21. Rae1 h5
22. Qe2 h4 23. Nb1 Qh7 24. Rxf5 exf5 25. Nd2 Bd7 26. Rf1 f4 27. Rf2 Qf5 28. Qd1
Kg7 29. Qe2 Kg6 30. c4 Qg4 31. h3 Qxe2 32. Rxe2 b6 33. axb6 axb6 34. b5 Kf5 35.
bxc6 Bxc6 36. cxd5 Bxd5 37. Nb1 Rc8 38. Kf2 Rc1 39. Rb2 b5 40. Na3 fxe3+ 41.
Ke2 Kf4 42. Rxb5 0-1

[Event "Scottish Centenary Invitation"]
[Site "Troon"]
[Date "1984.07.13"]
[Round "2"]
[White "Motwani, Paul"]
[Black "Raicevic, Vladimir"]
[Result "1-0"]
[WhiteElo "2355"]
[BlackElo "2395"]
[PlyCount "47"]
[EventDate "1984.07.12"]
[EventType "tourn"]
[EventRounds "9"]
[EventCountry "SCO"]
[EventCategory "7"]
[SourceTitle "BritBase"]
[Source "John Saunders"]
[SourceDate "2024.02.12"]
[SourceVersion "1"]
[SourceVersionDate "2024.02.12"]
[SourceQuality "1"]

1. e4 e6 2. d4 d5 3. Nc3 Bb4 4. Nge2 dxe4 5. a3 Be7 6. Nxe4 Nf6 7. Qd3 Nbd7 8.
Bf4 O-O 9. O-O-O Rb8 10. N2c3 Nd5 11. Bd2 c6 12. h4 b5 13. Ng5 N7f6 14. Nce4
Nxe4 15. Nxe4 b4 16. Qg3 Qb6 17. Bh6 g6 18. a4 Rd8 19. h5 Nc3 20. hxg6 hxg6 21.
Qe5 Na2+ 22. Kb1 f6 23. Nxf6+ Kf7 24. Bg5 1-0

[Event "Scottish Centenary Invitation"]
[Site "Troon"]
[Date "1984.07.14"]
[Round "3"]
[White "Condie, Mark L"]
[Black "Motwani, Paul"]
[Result "1/2-1/2"]
[WhiteElo "2360"]
[BlackElo "2355"]
[PlyCount "144"]
[EventDate "1984.07.12"]
[EventType "tourn"]
[EventRounds "9"]
[EventCountry "SCO"]
[EventCategory "7"]
[SourceTitle "BritBase"]
[Source "John Saunders"]
[SourceDate "2024.02.12"]
[SourceVersion "1"]
[SourceVersionDate "2024.02.12"]
[SourceQuality "1"]

1. d4 d5 2. c4 e6 3. Nf3 c5 4. cxd5 exd5 5. Nc3 Nc6 6. Bg5 Be7 7. Bxe7 Ngxe7 8.
dxc5 d4 9. Ne4 O-O 10. g3 Qd5 11. Ned2 Qxc5 12. Bg2 Qb6 13. Qb3 Qa5 14. O-O Be6
15. Qa3 Qb6 16. Nb3 Rad8 17. Rfd1 Nf5 18. Rd2 Nd6 19. Qc5 Ne4 20. Qxb6 axb6 21.
Rdd1 Bxb3 22. axb3 Rfe8 23. Kf1 g6 24. Nd2 Nc5 25. Bxc6 bxc6 26. b4 Ne6 27. Ra6
Rb8 28. Nc4 c5 29. Rxb6 Rxb6 30. Nxb6 cxb4 31. Nd5 Rb8 32. Ne7+ Kf8 33. Nc6 Rc8
34. Nxd4 Nxd4 35. Rxd4 Rc1+ 36. Kg2 b3 37. Rb4 Rc2 38. Rxb3 Rxe2 39. Rb7 Rc2
40. Kf3 Kg7 41. b4 Rb2 42. h4 {(sealed)} h5 43. b5 Kf6 44. Ke3 Ke6 45. b6 Ke5
46. Kd3 Kd5 47. Rxf7 Rxb6 48. Re7 Rf6 49. Ke3 Kd6 50. Re8 Kd7 51. Re4 Kd6 52.
f3 Kd5 53. Re8 Kd6 54. Kf2 Kd5 55. Kg2 Kd4 56. g4 hxg4 57. fxg4 Kd5 58. Kg3 Re6
59. Rf8 Kd6 {(sealed 2nd time)} 60. Rf7 Re7 61. Rf3 Re6 62. g5 Re4 63. Rf7 Re7
64. Rf8 Re6 65. h5 Ke7 66. Rf1 Re5 67. Kg4 Re4+ 68. Kf3 Re5 69. Rg1 gxh5 70.
Kf4 Rb5 71. Rh1 Kf7 72. Rxh5 Rb4+ 1/2-1/2

[Event "Scottish Centenary Invitation"]
[Site "Troon"]
[Date "1984.07.14"]
[Round "3"]
[White "McNab, Colin Anderson"]
[Black "Morrison, Graham"]
[Result "1/2-1/2"]
[WhiteElo "2370"]
[BlackElo "2335"]
[PlyCount "71"]
[EventDate "1984.07.12"]
[EventType "tourn"]
[EventRounds "9"]
[EventCountry "SCO"]
[EventCategory "7"]
[SourceTitle "BritBase"]
[Source "John Saunders"]
[SourceDate "2024.02.12"]
[SourceVersion "1"]
[SourceVersionDate "2024.02.12"]
[SourceQuality "1"]

1. c4 e5 2. Nc3 Nf6 3. Nf3 Nc6 4. d3 g6 5. g3 Bg7 6. Bg2 d6 7. Rb1 a5 8. a3 O-O
9. O-O Nd4 10. b4 axb4 11. axb4 Nxf3+ 12. Bxf3 c6 13. Qb3 Bg4 14. Bg2 Qd7 15.
Re1 Bh3 16. Bh1 h6 17. b5 Rad8 18. Ra1 c5 19. Ra7 Rb8 20. Qa4 Ng4 21. Nd5 Kh7
22. Qa5 f5 23. Qc7 Qxc7 24. Nxc7 f4 25. Ne6 Rf6 26. Nxg7 fxg3 27. hxg3 Nxf2 28.
Rxb7 Rxb7 29. Bxb7 Kxg7 30. Bf3 Nxd3 31. Rd1 e4 32. exd3 Rxf3 33. dxe4 Rxg3+
34. Kh2 Rb3 35. Rxd6 Bf1 36. Rd7+ 1/2-1/2

[Event "Scottish Centenary Invitation"]
[Site "Troon"]
[Date "1984.07.14"]
[Round "3"]
[White "Raicevic, Vladimir"]
[Black "Plaskett, H James"]
[Result "0-1"]
[WhiteElo "2395"]
[BlackElo "2470"]
[PlyCount "74"]
[EventDate "1984.07.12"]
[EventType "tourn"]
[EventRounds "9"]
[EventCountry "SCO"]
[EventCategory "7"]
[SourceTitle "BritBase"]
[Source "John Saunders"]
[SourceDate "2024.02.12"]
[SourceVersion "1"]
[SourceVersionDate "2024.02.12"]
[SourceQuality "1"]

1. d4 Nf6 2. c4 e6 3. Nc3 Bb4 4. e3 c5 5. Bd3 Nc6 6. Nge2 d5 7. a3 Bxc3+ 8.
bxc3 dxc4 9. Bxc4 O-O 10. O-O e5 11. Bb2 Bf5 12. f3 Qb6 13. Qd2 Na5 14. Ba2 Be6
15. dxe5 Bxa2 16. Rxa2 Nc4 17. Qc1 Nd5 18. e4 Nde3 19. Re1 Rad8 20. Ba1 Rd7 21.
Nd4 cxd4 22. cxd4 Rxd4 23. Bxd4 Qxd4 24. Kh1 Rd8 25. Rae2 Nd1 26. Qg5 Nxe5 27.
h3 h6 28. Qe7 Rd7 29. Qe8+ Kh7 30. Kh2 Ng6 31. g3 Ne5 32. Kg2 Rd6 33. f4 Nd3
34. Rxd1 Nxf4+ 35. gxf4 Qxd1 36. Kf2 Rg6 37. Re1 Qd2+ 0-1

[Event "Scottish Centenary Invitation"]
[Site "Troon"]
[Date "1984.07.14"]
[Round "3"]
[White "Shamkovich, Leonid A"]
[Black "Psakhis, Lev"]
[Result "0-1"]
[WhiteElo "2455"]
[BlackElo "2565"]
[PlyCount "72"]
[EventDate "1984.07.12"]
[EventType "tourn"]
[EventRounds "9"]
[EventCountry "SCO"]
[EventCategory "7"]
[SourceTitle "BritBase"]
[Source "John Saunders"]
[SourceDate "2024.02.12"]
[SourceVersion "1"]
[SourceVersionDate "2024.02.12"]
[SourceQuality "1"]

1. c4 e5 2. Nc3 Bb4 3. g3 Bxc3 4. bxc3 d6 5. Bg2 f5 6. Rb1 Nc6 7. d4 Nf6 8. Ba3
e4 9. Nh3 O-O 10. Nf4 b6 11. Nd5 Na5 12. Ne3 c5 13. O-O Be6 14. d5 Bd7 15. Bc1
Qe7 16. Qc2 Rae8 17. a3 Bc8 18. f3 exf3 19. exf3 f4 20. gxf4 Nh5 21. f5 Nf4 22.
Rf2 Qg5 23. Kh1 Rxe3 24. Bxe3 Bxf5 25. Qc1 Bxb1 26. Qxb1 Nxc4 27. Bxf4 Qxf4 28.
Re2 Ne3 29. Qd3 Nf5 30. Re4 Qc1+ 31. Bf1 Qxa3 32. Bh3 Qc1+ 33. Kg2 Qg5+ 34. Kh1
Nh4 35. Re3 Ng6 36. Be6+ Kh8 0-1

[Event "Scottish Centenary Invitation"]
[Site "Troon"]
[Date "1984.07.15"]
[Round "4"]
[White "McNab, Colin Anderson"]
[Black "Pritchett, Craig William"]
[Result "1/2-1/2"]
[WhiteElo "2370"]
[BlackElo "2395"]
[PlyCount "76"]
[EventDate "1984.07.12"]
[EventType "tourn"]
[EventRounds "9"]
[EventCountry "SCO"]
[EventCategory "7"]
[SourceTitle "BritBase"]
[Source "John Saunders"]
[SourceDate "2024.02.12"]
[SourceVersion "1"]
[SourceVersionDate "2024.02.12"]
[SourceQuality "1"]

1. c4 Nf6 2. Nf3 b6 3. g3 Bb7 4. Bg2 e6 5. O-O Be7 6. b3 O-O 7. Bb2 c5 8. d3 d5
9. e3 Nc6 10. Qe2 Qc7 11. Nc3 dxc4 12. bxc4 a6 13. Rab1 Rab8 14. Ba1 Rfd8 15.
Rfd1 Na7 16. e4 Nc6 17. e5 Nd7 18. Ne4 Ndxe5 19. Nxe5 Nxe5 20. Nxc5 Nf3+ 21.
Bxf3 Bxf3 22. Qxf3 Qxc5 23. Qg4 Bf8 24. Qe4 b5 25. Be5 Rbc8 26. Bf4 bxc4 27.
dxc4 Rxd1+ 28. Rxd1 Qxc4 29. Qxc4 Rxc4 30. Rd8 Rc6 31. Ra8 f6 32. Be3 Kf7 33.
g4 g5 34. Kg2 Rc4 35. Ra7+ Be7 36. h3 Rc6 37. Bd2 Ke8 38. Ra8+ Kf7 1/2-1/2

[Event "Scottish Centenary Invitation"]
[Site "Troon"]
[Date "1984.07.15"]
[Round "4"]
[White "Motwani, Paul"]
[Black "Shamkovich, Leonid A"]
[Result "0-1"]
[WhiteElo "2355"]
[BlackElo "2455"]
[PlyCount "69"]
[EventDate "1984.07.12"]
[EventType "tourn"]
[EventRounds "9"]
[EventCountry "SCO"]
[EventCategory "7"]
[SourceTitle "BritBase"]
[Source "John Saunders"]
[SourceDate "2024.02.12"]
[SourceVersion "1"]
[SourceVersionDate "2024.02.12"]
[SourceQuality "1"]

1. e4 c5 2. Nf3 e6 3. d4 cxd4 4. Nxd4 Nf6 5. Nc3 d6 6. g4 h6 7. h4 Nc6 8. g5
hxg5 9. Bxg5 a6 10. Qd2 Qb6 11. Nb3 Bd7 12. O-O-O Qc7 13. Be2 b5 14. a3 Rb8 15.
Qe3 Ne5 16. f4 Nc4 17. Bxc4 bxc4 18. Nd2 Be7 19. Qe2 Nh5 20. Bxe7 Kxe7 21. Rhg1
Nxf4 22. Qf3 Ng6 23. Rdf1 Ne5 24. Qg3 Rhg8 25. Nf3 Qc5 26. Nd5+ exd5 27. Nxe5
dxe5 28. Qxe5+ Be6 29. exd5 Qxd5 30. Qc7+ Qd7 31. Qf4 Qb5 32. Qc7+ Ke8 33. Rxf7
Qxb2+ 34. Kd2 Rd8+ 35. Ke3 0-1

[Event "Scottish Centenary Invitation"]
[Site "Troon"]
[Date "1984.07.15"]
[Round "4"]
[White "Plaskett, H James"]
[Black "Condie, Mark L"]
[Result "1/2-1/2"]
[WhiteElo "2470"]
[BlackElo "2360"]
[PlyCount "131"]
[EventDate "1984.07.12"]
[EventType "tourn"]
[EventRounds "9"]
[EventCountry "SCO"]
[EventCategory "7"]
[SourceTitle "BritBase"]
[Source "John Saunders"]
[SourceDate "2024.02.12"]
[SourceVersion "1"]
[SourceVersionDate "2024.02.12"]
[SourceQuality "1"]

1. d4 Nf6 2. Nf3 d5 3. Bg5 Ne4 4. Bf4 c5 5. e3 Qb6 6. Qc1 Nc6 7. c3 Bg4 8. Bd3
Bxf3 9. gxf3 Nf6 10. dxc5 Qxc5 11. Nd2 e5 12. Bg3 Bd6 13. b4 Qb6 14. a3 a5 15.
Bh4 Be7 16. O-O O-O 17. b5 Nb8 18. Qc2 Nbd7 19. c4 g6 20. Kh1 Rac8 21. Rg1 Kg7
22. Bf5 Rc7 23. Bxd7 Rxd7 24. Qf5 Qe6 25. Qxe6 fxe6 26. Bg3 e4 27. cxd5 Rxd5
28. Nxe4 Nxe4 29. fxe4 Rxb5 30. Rab1 Rxb1 31. Rxb1 Bxa3 32. Rxb7+ Rf7 33. Rb6
Kf6 34. Rb5 Ra7 35. Be5+ Kf7 36. Bd4 Ra8 37. Rb7+ Ke8 38. Rxh7 a4 39. Rg7 Bf8
40. Rxg6 Kf7 41. Rg1 {(sealed)} Rc8 42. Ra1 Rc2 43. Kg2 a3 44. Rb1 a2 45. Rb2
Rxb2 46. Bxb2 e5 47. Kf3 Kg6 48. Kg4 Bg7 49. h4 Kh6 50. Ba1 Kg6 51. Bc3 Kh6 52.
Ba1 Kg6 53. Bc3 Kh6 54. h5 Kh7 55. Kg5 Bh6+ 56. Kf5 Bg7 57. Ba1 Kh6 58. Kg4 Kh7
59. Kg3 Kh6 60. Kh3 Kh7 61. Kg4 Kh6 62. Bb2 Kh7 63. Kg5 Bh6+ 64. Kf6 Bg7+ 65.
Kf7 Bh8 66. Ke6 1/2-1/2

[Event "Scottish Centenary Invitation"]
[Site "Troon"]
[Date "1984.07.16"]
[Round "5"]
[White "Pritchett, Craig William"]
[Black "Morrison, Graham"]
[Result "1-0"]
[WhiteElo "2395"]
[BlackElo "2335"]
[PlyCount "107"]
[EventDate "1984.07.12"]
[EventType "tourn"]
[EventRounds "9"]
[EventCountry "SCO"]
[EventCategory "7"]
[SourceTitle "BritBase"]
[Source "John Saunders"]
[SourceDate "2024.02.12"]
[SourceVersion "1"]
[SourceVersionDate "2024.02.12"]
[SourceQuality "1"]

1. e4 c5 2. Nf3 d6 3. d4 cxd4 4. Nxd4 Nf6 5. Nc3 e6 6. f4 a6 7. Be3 b5 8. Qf3
Bb7 9. Bd3 Nbd7 10. g4 b4 11. Nce2 e5 12. Nb3 d5 13. Ng3 Qc7 14. O-O-O Be7 15.
Rhg1 Rc8 16. Rg2 exf4 17. Bxf4 Ne5 18. Bxe5 Qxe5 19. Re2 O-O 20. exd5 Qg5+ 21.
Kb1 Bxd5 22. Qf5 Qxf5 23. Nxf5 Bd8 24. g5 Bf3 25. gxf6 Bxe2 26. Bxe2 Bxf6 27.
Bxa6 Rcd8 28. Bd3 g6 29. Nh6+ Kg7 30. Ng4 Bg5 31. Ne5 Rd6 32. Nf3 Bf6 33. Nbd2
Re8 34. Nc4 Rde6 35. a3 bxa3 36. bxa3 Rc6 37. Ka2 Rec8 38. Nfd2 Bc3 39. Kb3 Bd4
40. Re1 f5 41. c3 Bc5 42. a4 Rd8 43. Kc2 Rc7 44. a5 Kf6 45. Nb3 Ba7 46. Na3
Rcd7 47. Bc4 f4 48. Nb5 Be3 49. N3d4 g5 50. a6 g4 51. a7 h5 52. Bd3 h4 53. Be4
Bf2 54. Ra1 1-0

[Event "Scottish Centenary Invitation"]
[Site "Troon"]
[Date "1984.07.16"]
[Round "5"]
[White "Raicevic, Vladimir"]
[Black "McNab, Colin Anderson"]
[Result "0-1"]
[WhiteElo "2395"]
[BlackElo "2370"]
[PlyCount "94"]
[EventDate "1984.07.12"]
[EventType "tourn"]
[EventRounds "9"]
[EventCountry "SCO"]
[EventCategory "7"]
[SourceTitle "BritBase"]
[Source "John Saunders"]
[SourceDate "2024.02.12"]
[SourceVersion "1"]
[SourceVersionDate "2024.02.12"]
[SourceQuality "1"]

1. d4 d6 2. c4 e5 3. Nf3 Nd7 4. Nc3 g6 5. g3 Bg7 6. Bg2 Ngf6 7. O-O O-O 8. h3
c6 9. e4 Qa5 10. Be3 exd4 11. Nxd4 Qb4 12. Qb3 a5 13. Nc2 Qxb3 14. axb3 Nc5 15.
Ra3 Re8 16. Bxc5 dxc5 17. Rfa1 b6 18. f4 Nh5 19. e5 Bd7 20. Rd1 Red8 21. Raa1
g5 22. Na4 Rab8 23. Rd3 Be8 24. Rf3 Rd2 25. Ne3 gxf4 26. gxf4 Rd3 27. Nc3 Nxf4
28. Bf1 Rd4 29. Nf5 Bxe5 30. Re1 Ng6 31. Nxd4 cxd4 32. Ne4 Kg7 33. Bd3 f6 34.
Kh1 c5 35. Nd2 Nh4 36. Rf2 Bd7 37. Nf3 Bc6 38. Be4 Bg3 39. Bxc6 Bxf2 40. Re7+
Kh6 41. Re6 Rf8 42. Be4 Nxf3 43. Bxf3 d3 44. Kg2 Bd4 45. Be4 d2 46. Bc2 Rg8+
47. Kf3 Rg1 0-1

[Event "Scottish Centenary Invitation"]
[Site "Troon"]
[Date "1984.07.17"]
[Round "6"]
[White "Morrison, Graham"]
[Black "Motwani, Paul"]
[Result "1/2-1/2"]
[WhiteElo "2335"]
[BlackElo "2355"]
[PlyCount "43"]
[EventDate "1984.07.12"]
[EventType "tourn"]
[EventRounds "9"]
[EventCountry "SCO"]
[EventCategory "7"]
[SourceTitle "BritBase"]
[Source "John Saunders"]
[SourceDate "2024.02.12"]
[SourceVersion "1"]
[SourceVersionDate "2024.02.12"]
[SourceQuality "1"]

1. e4 e6 2. d4 d5 3. Nd2 c5 4. Ngf3 Nc6 5. Bb5 dxe4 6. Nxe4 Bd7 7. Bg5 Qa5+ 8.
Nc3 a6 9. Bxc6 Bxc6 10. d5 Bxd5 11. O-O Bc6 12. Ne5 Qc7 13. Re1 Nf6 14. Bxf6
gxf6 15. Nxc6 Qxc6 16. Qh5 Be7 17. Rad1 h6 18. Rd3 Rd8 19. Rg3 f5 20. Rg7 Rf8
21. Qxh6 Qd6 22. Rg3 1/2-1/2

[Event "Scottish Centenary Invitation"]
[Site "Troon"]
[Date "1984.07.18"]
[Round "7"]
[White "Condie, Mark L"]
[Black "Pritchett, Craig William"]
[Result "1/2-1/2"]
[WhiteElo "2360"]
[BlackElo "2395"]
[PlyCount "58"]
[EventDate "1984.07.12"]
[EventType "tourn"]
[EventRounds "9"]
[EventCountry "SCO"]
[EventCategory "7"]
[SourceTitle "BritBase"]
[Source "John Saunders"]
[SourceDate "2024.02.12"]
[SourceVersion "1"]
[SourceVersionDate "2024.02.12"]
[SourceQuality "1"]

1. d4 Nf6 2. Nf3 e6 3. Bg5 c5 4. e3 b6 5. d5 d6 6. Bb5+ Bd7 7. Bxd7+ Nbxd7 8.
dxe6 fxe6 9. c4 Be7 10. Nc3 O-O 11. Bf4 Ne8 12. Qd3 Ndf6 13. Rd1 Qd7 14. O-O
Rd8 15. e4 Nh5 16. Bg3 Nc7 17. Rd2 Qe8 18. Rfd1 e5 19. Nb5 Nxb5 20. cxb5 h6 21.
Ne1 Kh7 22. Nc2 Bg5 23. Re2 Qe6 24. b3 Rf6 25. Na3 Rdf8 26. Nb1 Qg4 27. Nc3 Rg6
28. f3 Qe6 29. Nd5 Bf4 1/2-1/2

[Event "Scottish Centenary Invitation"]
[Site "Troon"]
[Date "1984.07.18"]
[Round "7"]
[White "Motwani, Paul"]
[Black "Plaskett, H James"]
[Result "1/2-1/2"]
[WhiteElo "2355"]
[BlackElo "2470"]
[PlyCount "89"]
[EventDate "1984.07.12"]
[EventType "tourn"]
[EventRounds "9"]
[EventCountry "SCO"]
[EventCategory "7"]
[SourceTitle "BritBase"]
[Source "John Saunders"]
[SourceDate "2024.02.12"]
[SourceVersion "1"]
[SourceVersionDate "2024.02.12"]
[SourceQuality "1"]

1. e4 c5 2. Nf3 Nc6 3. Bb5 e6 4. O-O Nge7 5. Re1 a6 6. Bf1 g6 7. d4 cxd4 8.
Nxd4 Qc7 9. Nxc6 bxc6 10. e5 Bg7 11. Bf4 O-O 12. Qd2 Rb8 13. c3 Nd5 14. Bg3 Qb6
15. b3 Rb7 16. c4 Ne7 17. Nc3 Nf5 18. Rad1 c5 19. Bd3 Nxg3 20. hxg3 Qc7 21. Qe3
d6 22. exd6 Qa5 23. Ne2 Rd7 24. Be4 Rfd8 25. Rf1 Rxd6 26. Rxd6 Rxd6 27. Qg5 f5
28. Bf3 Kf7 29. Nf4 Qxa2 30. Qh4 h6 31. Nxg6 Kxg6 32. Bh5+ Kh7 33. Qe7 Qd2 34.
Qe8 Qg5 35. f4 Bd4+ 36. Kh2 Qg7 37. Qxc8 Qe7 38. Qe8 Qxe8 39. Bxe8 Rb6 40. Rb1
Kg7 41. Ba4 Rd6 42. Kh3 Bf2 43. Rf1 Rd2 44. Bc6 h5 45. Bf3 1/2-1/2

[Event "Scottish Centenary Invitation"]
[Site "Troon"]
[Date "1984.07.18"]
[Round "7"]
[White "Psakhis, Lev"]
[Black "Cramling, Pia"]
[Result "1-0"]
[WhiteElo "2565"]
[BlackElo "2405"]
[PlyCount "83"]
[EventDate "1984.07.12"]
[EventType "tourn"]
[EventRounds "9"]
[EventCountry "SCO"]
[EventCategory "7"]
[SourceTitle "BritBase"]
[Source "John Saunders"]
[SourceDate "2024.02.12"]
[SourceVersion "1"]
[SourceVersionDate "2024.02.12"]
[SourceQuality "1"]

1. Nf3 c5 2. c4 Nc6 3. Nc3 Nf6 4. d4 cxd4 5. Nxd4 e6 6. g3 Bc5 7. Nb3 Bb4 8.
Bg2 d5 9. cxd5 Nxd5 10. O-O Nxc3 11. bxc3 Be7 12. Be3 Qc7 13. Nc5 O-O 14. Qa4
e5 15. Na6 bxa6 16. Qxc6 Qxc6 17. Bxc6 Rb8 18. Bxa7 Rb2 19. e4 Bh3 20. Rfb1 Ba3
21. c4 Rc2 22. Rb3 Rxc4 23. Bd5 Rc1+ 24. Rxc1 Bxc1 25. Bb8 Rc8 26. Bxe5 Bd2 27.
Bb2 h5 28. Rb7 Kh7 29. Bxf7 Rc2 30. Rb6 Ba5 31. Rxa6 Bd8 32. Bg6+ Kg8 33. Ra8
Rd2 34. Bxh5 Kh7 35. Bc3 Rd6 36. e5 Rd7 37. Rb8 Be7 38. Rb6 Rc7 39. Bg6+ Kg8
40. Rb8+ Bf8 41. Bb2 Rd7 42. f4 1-0

[Event "Scottish Centenary Invitation"]
[Site "Troon"]
[Date "1984.07.18"]
[Round "7"]
[White "Raicevic, Vladimir"]
[Black "Morrison, Graham"]
[Result "1-0"]
[WhiteElo "2395"]
[BlackElo "2335"]
[PlyCount "115"]
[EventDate "1984.07.12"]
[EventType "tourn"]
[EventRounds "9"]
[EventCountry "SCO"]
[EventCategory "7"]
[SourceTitle "BritBase"]
[Source "John Saunders"]
[SourceDate "2024.02.12"]
[SourceVersion "1"]
[SourceVersionDate "2024.02.12"]
[SourceQuality "1"]

1. d4 Nf6 2. c4 g6 3. Nc3 d5 4. Nf3 Bg7 5. cxd5 Nxd5 6. e4 Nxc3 7. bxc3 c5 8.
Be3 O-O 9. Qd2 Qa5 10. Rb1 cxd4 11. cxd4 Nc6 12. Qxa5 Nxa5 13. Bd2 b6 14. h3 f5
15. Bxa5 fxe4 16. Bc4+ e6 17. Ng5 bxa5 18. d5 Bc3+ 19. Ke2 e5 20. Nxe4 Bd4 21.
g4 Bb6 22. f3 Bd7 23. Rhc1 Rf4 24. Bb5 Bxb5+ 25. Rxb5 Raf8 26. Rb3 Rd8 27. Rd1
h6 28. Rc3 Bd4 29. Rc6 Rxd5 30. Nf6+ Rxf6 31. Rxf6 Kg7 32. Rc6 Rb5 33. Rdc1 a4
34. h4 Bb6 35. Kd3 Rb2 36. Rd6 Kf7 37. Rcc6 Rxa2 38. Rd7+ Ke8 39. Rh7 Ra1 40.
Rc8+ Bd8 41. Kc2 Ra2+ 42. Kc3 Ra3+ 43. Kc4 Rxf3 44. Rh8+ Ke7 45. Rcxd8 Rf4+ 46.
Kc3 Rxg4 47. Ra8 Rxh4 48. Rxa7+ Kf6 49. Ra6+ Kg7 50. Re8 h5 51. Kd3 Rg4 52.
Rxe5 Kh6 53. Ke2 h4 54. Kf3 Rg3+ 55. Kf2 a3 56. Re3 Rg4 57. Rexa3 Kh5 58. R6a4
1-0

[Event "Scottish Centenary Invitation"]
[Site "Troon"]
[Date "1984.07.18"]
[Round "7"]
[White "Shamkovich, Leonid A"]
[Black "McNab, Colin Anderson"]
[Result "1/2-1/2"]
[WhiteElo "2455"]
[BlackElo "2370"]
[PlyCount "96"]
[EventDate "1984.07.12"]
[EventType "tourn"]
[EventRounds "9"]
[EventCountry "SCO"]
[EventCategory "7"]
[SourceTitle "BritBase"]
[Source "John Saunders"]
[SourceDate "2024.02.12"]
[SourceVersion "1"]
[SourceVersionDate "2024.02.12"]
[SourceQuality "1"]

1. d4 d6 2. e4 g6 3. Nf3 Nf6 4. Nc3 Bg7 5. Be2 O-O 6. O-O Bg4 7. Bg5 Nc6 8. Qd2
Nd7 9. Nd5 Nf6 10. Nxf6+ exf6 11. Bh4 Qc8 12. c3 Re8 13. h3 Bd7 14. d5 Nb8 15.
Bd3 f5 16. Rae1 fxe4 17. Rxe4 Rxe4 18. Bxe4 Na6 19. Re1 Qf8 20. Bd3 Bh6 21. Bg5
Bxg5 22. Nxg5 Nc5 23. Bc2 h6 24. Nf3 a5 25. Nd4 Re8 26. Rxe8 Qxe8 27. g4 Kh7
28. Kg2 Qe5 29. Nf3 Qe7 30. b4 axb4 31. cxb4 Na4 32. Qd4 Nb6 33. Be4 f5 34.
gxf5 Bxf5 35. Bxf5 gxf5 36. Kg3 Qf7 37. Qd3 Qg8+ 38. Kh2 Qxd5 39. Qc3 Qf7 40.
Nd4 Nd5 41. Qc4 c6 42. a4 Qf6 43. b5 Qe5+ 44. Kg1 c5 45. Nf3 Qe4 46. Nd2 Qe1+
47. Nf1 Qe4 48. Nd2 Qe1+ 1/2-1/2